00618nam a2200253Ia 4500008004000000020001800040041000800058082001500066100001600081245008000097260005400177300001400231650001200245650001300257650001600270650001000286650000600296650001200302650000800314650001600322650001000338650001000348650000600358210210b2014 xxu||||| |||| 00| 0 eng d a9781259064371 aeng a351.3 MCGG aMCGRAW HILL aGeneral studies 2014: Paper - IbFor civil services preliminary examination aNew DelhibMc Graw Hill Publishing Co Ltd.,c2014 axIix,1318 astudies aservices apreliminary aPaper aI aGeneral aFor aexamination acivil a2014: a-